Christmas General Knowledge - Statistics

General Stats
  • This quiz has been taken 1,556 times
  • The average score is 19 of 25
Answer Stats
Hint Answer % Correct
He wears red and has a beard of white Santa Claus
97%
The common colors of Christmas Red, green
95%
Santa's little helpers Elves
94%
another word for presents gifts
94%
People often kiss under what; It's a Justin Beiber song Mistletoe
94%
Where Santa lives North Pole
92%
He has a red nose that glows Rudolph
92%
Also a tree topper but not a star Angel
91%
A custardy Christmas drink eggnog
91%
often thought of during winter time; great for sledding and ______ball fights Snow
91%
Will Farrell plays Buddy in this funny but classic Christmas favorite Elf
90%
He is a talking snowman; He has a song about him Frosty
89%
___________ roasting on an open flame Chestnuts
87%
The silvery stuff used to decorate Christmas trees Tinsel
87%
Also referred to as hot cocoa Hot chocolate
86%
German is "Stille Nacht" "Silent Night"
86%
has poisonous berries but is considered festive looking around Christmas time Holly
84%
The ice that hangs down and comes to a point Icicle
82%
The Christmas tree was first used/created by what European country Germany
76%
Often put in hot chocolate marshmallows
69%
Christmas spiced wine Mulled wine
58%
Another popular spiced Christmas drink Apple Cider
29%
The red flowers bought around Christmas time poinsettias
28%
The Spanish Santa; same in Cajun country Papá Noel
18%
Fir or Christmas tree Tannenbaum
7%
No matching quizzes found
Score Distribution
Percent of People with Each Score
Percentile by Number Answered
Your Score History
You have not taken this quiz